Statistiques concernant Culture Générale - Série 1561

Cliquez ici pour prendre le quiz!

Statistiques générales

  • Ce quiz a été pris 142 fois
  • Le résultat moyen est 5 sur 10

Statistiques - réponses

QuestionRéponse% Correct
Quel chanteur français, d'origine arménienne, a fait un tube en 1963 avec le titre : "La Mamma" ?Charles Aznavour
87%
Quelle articulation du corps humain est douloureuse lorsqu'on souffre d'un tennis-elbow ?coude
86%
Quel pays d'Afrique du Nord abrite les régions de Cyrénaïque et de Tripolitaine ?Libye
83%
A la fois partie charnue du bout du doigt, tissu conjonctif de l'intérieur d'une dent ou chair d'un fruit, que suis-je ?pulpe
64%
En 1996, quelle chanteuse québécoise interprète les titres "Falling Into You" et "Because You Loved Me" ?Céline Dion
62%
Quel "tonton", né en 1967 à La Réunion, a été l'un des pionniers du raggamuffin en France ?Tonton David
58%
Dans le feuilleton radiophonique "Signé Furax", Pierre Dac et Francis Blanche interprétaient les policiers Black et...White
42%
En 1735, quel compositeur écrit “Les Indes galantes” ?Jean-Philippe Rameau
13%
Quel nom, également titre d'une comédie de Molière, désigne un hôte qui offre à dîner ?amphitryon
10%
Quel parolier a signé le texte de la chanson “Et maintenant” de Gilbert Bécaud ?Pierre Delanoë
10%

Distribution des résultats

Percentile par nombre de réponses

% des personnes avec chaque résultat

Votre développement - résultats

Vous n’avez pas pris ce quiz